| 000 | 00532nam a2200205Ia 4500 | ||
|---|---|---|---|
| 008 | 170918s9999 xx 000 0 und d | ||
| 020 | _a590262653 | ||
| 050 | _bM488 1995 | ||
| 100 | _aMedearis, Angela Shelf | ||
| 245 | _aWe play on a rainy day / | ||
| 245 | _cAngela Shelf Medearis ; illustrated by Sylvia Walker. | ||
| 260 | _aNew York : | ||
| 260 | _bScholastic, | ||
| 260 | _c1995 | ||
| 300 | _aunpaged : | ||
| 300 | _bcolored illustration ; | ||
| 300 | _c23cm. | ||
| 440 | _aHello reader level 1. | ||
| 500 | _aBR | ||
| 999 |
_c340966 _d340966 |
||